| 000 | 00779nam a2200241 a 4500 | ||
|---|---|---|---|
| 005 | 20240924063852.0 | ||
| 008 | 050426s1998 000 eng d | ||
| 020 | _a2090333286 | ||
| 035 | _aUPN01000138593 | ||
| 049 | _aCG | ||
| 050 | 4 |
_aPC2117 _bD4.5 |
|
| 100 | 1 | _aCarlo, Maddalena de | |
| 245 | 1 | 2 |
_aL'interculturel / _cMaddalena de Carlo. |
| 260 |
_aFrancia : _bCLE International, _c1998. |
||
| 300 | _a126 p. | ||
| 440 | 0 | _aDidactique des langues étrangéres | |
| 590 | _a(También localizas un ejemplar en el "Area de Reserva") | ||
| 590 | _aBibliografía Básica (BGTQ) | ||
| 650 | 4 |
_aFrancés _xEstudio y enseñanza _xEstudiantes extranjeros _92969 |
|
| 650 | 4 |
_aFrancés _vLibros de lectura _91691 |
|
| 650 | 4 |
_aEducación intercultural _94812 |
|
| 905 | _aLibro | ||
| 999 |
_c110741 _d110741 |
||